Business analysis : πτυχιακή εργασία

Αποθηκεύτηκε σε:
Λεπτομέρειες βιβλιογραφικής εγγραφής
Κύριος συγγραφέας: Χαννάκης, Κωνσταντίνος
Συγγραφή απο Οργανισμό/Αρχή: Πανεπιστήμιο Αιγαίου Σχολή Επιστημών της Διοίκησης Τμήμα Διοίκησης Επιχειρήσεων - Τ.Δ.Ε
Άλλοι συγγραφείς: Βαλίρης, Γεώργιος (Εισηγητής διατριβής)
Μορφή: Thesis Βιβλίο
Γλώσσα:English
Δημοσίευση: 2013
Θέματα:
Ετικέτες: Προσθήκη ετικέτας
Δεν υπάρχουν, Καταχωρήστε ετικέτα πρώτοι!

MARC

LEADER 00000cam a2200000 i 4500
001 1/64877
008 150123q2013 eng d
035 |l 10120675 
040 |a GR-MY-UA  |b gre  |e aacr 
041 0 |a eng 
082 0 |a 658.4012  |2 (23) 
100 1 |a Χαννάκης, Κωνσταντίνος. 
245 1 0 |a Business analysis :  |b πτυχιακή εργασία /  |c Χαννάκης Μ. Κωνσταντίνος ; επιβλέπων καθηγητής Γεώργιος Βαλίρης 
260 |c 2013 
300 |a 1 τ.;  |b εικ.;  |c 30 εκ. 
502 |a Πτυχιακή εργασία - Πανεπιστήμιο Αιγαίου, Χίος, 2013. 
650 0 0 |a Business planning. 
650 0 0 |a Strategic planning. 
650 0 0 |a Business analysts. 
650 0 0 |a Operations research. 
700 1 |a Βαλίρης, Γεώργιος.  |4 ths 
710 1 |a Πανεπιστήμιο Αιγαίου  |b Σχολή Επιστημών της Διοίκησης  |b Τμήμα Διοίκησης Επιχειρήσεων - Τ.Δ.Ε. 
852 |a INST  |b CHIOS  |c DIATR  |e 20150123  |h 658.4012 XAN  |p 005200034843  |q 005200034843  |t DIE  |y 23 
852 |a INST  |b CHIOS  |c DIATR  |e 20150123  |h 658.4012 XAN  |p 005200034844  |q 005200034844  |t DIE  |y 23 
901 |a BIBL2-2015-1 
909 |a Χ  |b 179623 
909 |a X  |b 179624 
924 |a Χαννάκης  |b Κωνσταντίνος Μ.  |y Χίος  |z 2013-03 
970 |a Σπέντζα  |b Ελένη  |z 2015/01/23